Name 50 kpop girls groups - Statistiques

Statistiques générales
  • Ce quiz a été pris 753 fois
  • Le résultat moyen est 22 sur 50
Statistiques - réponses
Hint Réponse % Correct
8 août 2016 BLACKPINK
96%
20 octobre 2015 Twice
92%
11 février 2019 ITZY
85%
19 juillet 2022 LESSERAFIM
84%
22 juillet 2022 NewJeans
84%
17 novembre 2020 aespa
82%
1er décembre 2021 IVE
80%
1er avril 2024 BABYMONSTER
76%
1er août 2014 Red Velvet
76%
17 mai 2009 2ne1
75%
2 mai 2018 (G)I-DLE
75%
25 mars 2024 ILL'IT
71%
18 juin 2014 Mamamoo
70%
22 février 2022 NMIXX
70%
29 octobre 2018 IZ*ONE
65%
13 janvier 2017 Dreamcatcher
59%
18 mars 2019 Everglow
54%
3 janvier 2022 Kep1er
51%
5 août 2007 SNSD
51%
12 novembre 2020 StayC
50%
5 juillet 2023 Kiss Of Life
49%
19 août 2018 LOONA
47%
24 janvier 2018 fromis_9
46%
19 avril 2011 APINK
44%
15 mars 2021 Purple Kiss
40%
9 février 2022 VIVIZ
38%
1er novembre 1997 S.E.S
35%
5 septembre 2009 (f)x
34%
18 novembre 2022 FIFTY FIFTY
33%
21 avril 2014 Oh My Girl
33%
29 mars 2007 KARA
31%
29 juillet 2009 T-ara
31%
10 novembre 2021 Billlie
30%
19 mars 2015 CLC
29%
25 février 2022 WJSN
29%
28 août 2009 4minute
28%
16 février 2012 EXID
25%
30 juin 2020 Weeekly
24%
26 janvier 2024 VCHA
22%
17 février 2021 Tri.be
19%
7 août 2019 Rocket Punch
18%
7 avril 2011 Brave Girls
17%
14 février 2021 PIXY
15%
19 mai 2020 Secret Number
13%
5 décembre 2022 H1-Key
11%
11 avril 2023 X:IN
6%
21 mai 2019 3YE
4%
14 septembre 2023 EL7Z UP
4%
16 octobre 2022 mimiirose
4%
3 août 2023 BBgirls
3%
Aucun quiz correspondant
Distribution des résultats
% des personnes avec chaque résultat
Percentile par nombre de réponses
Votre historique - résultats
Vous n’avez pas pris ce quiz